000 00371 a2200109 4500
001 ART_45636
005 20260410161648.0
008 260409a
245 1 0 _aExención en ingresos brutos para las industrias con establecimiento fuera de CABA
100 1 _aJanuszewski, Karina
773 0 _tConsultor tributario
_g- Año 12, Nº 133 (mar. 2018)
_wREV474
999 _c13942
_d13942